|
|
|
|
| LEADER |
00000nam a2200000 a 4500 |
| 001 |
vtls001411872 |
| 003 |
SK-MaSNL |
| 005 |
20260302035101.0 |
| 008 |
251113s1997 au a r 0 ger |
| 020 |
|
|
|a 3901025618
|c [1268,00]
|
| 035 |
|
|
|a SNK000366581
|
| 040 |
|
|
|a SNK
|b slo
|c SNK
|e AACR2
|
| 044 |
|
|
|a au
|c AT
|
| 080 |
|
|
|a 728.8:7.025.4"1976/1996"
|2 1981
|
| 080 |
|
|
|a 73/75.025.4"1976/1996"
|2 1981
|
| 245 |
1 |
|
|a 20 Jahre Steinkonservierung. 1976-1996
|b Bilanz und Perspektiven
|
| 246 |
1 |
3 |
|a Zwanzig Jahre Steinkonservierung
|
| 260 |
|
|
|a Klosterneuburg [etc.]
|b Mayer
|c [1997]
|
| 300 |
|
|
|a 205 s.
|b fotogr.
|c 30 cm
|
| 490 |
1 |
|
|a Restauratorenblätter
|v Bd. 17
|
| 650 |
0 |
7 |
|a objekty kamenné
|2 SNK
|9 687483
|
| 650 |
0 |
7 |
|a reštaurátorstvo
|2 SNKPH
|9 18959
|
| 830 |
|
0 |
|a Restauratorenblätter
|9 562057
|
| 919 |
|
|
|a 3-901025-61-8
|
| 999 |
|
|
|c 1069179
|d 1071109
|
| 952 |
|
|
|t P60, <04>, [BOOK], {604}
|a SNK
|b SNK
|y VYP
|7 0
|p 17A0298046
|o snkIB 70265
|i snkV 584/2001
|0 0
|1 0
|4 0
|d 2001-05-02
|l 0
|r 2005-01-02 00:00:00
|w 2026-02-24
|